000 01673nam a2200433Ia 4500
001 ebr10539257
003 CaPaEBR
006 m u
007 cr cn|||||||||
008 111021s2012 ohu sb s001 0 eng d
010 _z 2011043452
020 _z0821419994
020 _z0821444158
020 _z9780821419991
020 _z9780821444153
040 _aCaPaEBR
_cCaPaEBR
035 _a(OCoLC)783736965
050 1 4 _aB3318.O5
_bD55 2012eb
100 1 _aDillon, M. C.
_q(Martin C.),
_d1938-2005.
240 1 0 _aArt, truth, and illusion
245 1 4 _aThe ontology of becoming
_h[electronic resource] :
_band, The ethics of particularity /
_cM.C. Dillon ; edited by Lawrence Hass.
260 _aAthens :
_bOhio University Press,
_cc2012.
300 _axxxv, 233 p.
490 1 _aSeries in Continental thought
504 _aIncludes bibliographical references (p. [201]-223) and index.
533 _aElectronic reproduction.
_bPalo Alto, Calif. :
_cebrary,
_d2013.
_nAvailable via World Wide Web.
_nAccess may be limited to ebrary affiliated libraries.
600 1 0 _aNietzsche, Friedrich Wilhelm,
_d1844-1900.
600 1 0 _aMerleau-Ponty, Maurice,
_d1908-1961.
650 0 _aOntology.
650 0 _aBecoming (Philosophy)
650 0 _aEthics.
650 0 _aIntersubjectivity.
655 7 _aElectronic books.
_2local
700 1 _aHass, Lawrence.
700 1 2 _aDillon, M. C.
_q(Martin C.),
_d1938-2005.
_tEthics of particularity.
710 2 _aebrary, Inc.
830 0 _aSeries in Continental thought.
856 4 0 _uhttp://site.ebrary.com/lib/rucke/Doc?id=10539257
_zAn electronic book accessible through the World Wide Web; click to view
999 _c135244
_d135244